000 00415nam a2200145Ia 4500
008 100122s9999 xx 000 0 und d
082 _b54305
_a823.08
100 _aपेठे मेघना
245 _aहंस अकेला
260 _bराजहंस प्रकाशन
_c1997
300 _a152
630 _aहंस अकेला
730 _aहंस अकेला
942 _cBOOK
999 _c431183
_d431180